Project development and management; ការអភិវឌ្ឍន៏ និងគ្រប់គ្រងគំរោង (Record no. 9998)
[ view plain ]
| 000 -LEADER | |
|---|---|
| fixed length control field | 00358nam a22001217a 4500 |
| 040 ## - CATALOGING SOURCE | |
| Transcribing agency | SK |
| 082 ## - DEWEY DECIMAL CLASSIFICATION NUMBER | |
| Classification number | 178 |
| 100 ## - MAIN ENTRY--AUTHOR NAME | |
| Personal name | ង៉ោ ប៊ុនថាន |
| 245 ## - TITLE STATEMENT | |
| Title | Project development and management; ការអភិវឌ្ឍន៏ និងគ្រប់គ្រងគំរោង |
| 260 ## - PUBLICATION, DISTRIBUTION, ETC. (IMPRINT) | |
| Place of publication | RUA |
| Name of publisher | ង៉ោ |
| Year of publication | 2008 |
| 300 ## - PHYSICAL DESCRIPTION | |
| Number of Pages | 51p. |
| 942 ## - ADDED ENTRY ELEMENTS (KOHA) | |
| Koha item type | សៀវភៅភាសាខ្មែរ |
| 952 ## - LOCATION AND ITEM INFORMATION (KOHA) | |
| Withdrawn status [LOCAL, KOHA] | 0 |
| Permanent Location | Date acquired | Koha item type | Lost status | Shelving location | Barcode | Current Location | Full call number |
|---|---|---|---|---|---|---|---|
| Library Block C | 2016-09-19 | សៀវភៅភាសាខ្មែរ | C019 | A00011 | Library Block C | 178 ង៉ោ 2008 C019 Or. |